[Event "3rd GRENKE Chess Open 2018"]
[Site "Karlsruhe"]
[Date "2018.03.31"]
[Round "5"]
[White "Ondersteijn, Niels"]
[Black "Bacrot, Etienne"]
[Result "1/2-1/2"]
[WhiteElo "2376"]
[BlackElo "2718"]
[Annotator "TA"]
[PlyCount "111"]
[EventDate "2018.??.??"]
[EventType "swiss"]
[EventCountry "GER"]
[SourceTitle "playchess.com"]
[Source "ChessBase"]
[SourceQuality "1"]

{[%evp 23,111,16,15,20,22,22,31,0,8,0,0,0,10,12,5,7,15,0,0,-50,-57,-82,-75,-91,-91,-85,-85,-98,-91,-77,-95,-88,-42,-38,0,-35,-34,-26,-42,-27,-39,-43,-43,-33,-11,-12,-8,-14,0,0,99,-22,-18,-11,-16,-68,-53,-43,-41,-56,-8,-8,0,-17,0,-15,0,0,0,-97,0,0,0,0,0,-138,-135,-124,0,0,0,0,0,0,0,0,0,0,0,0]} 1. c4 e5 2. g3 Nf6 3. Bg2 d5 4. cxd5 Nxd5 5. Nc3 Nb6 6. Nf3 Nc6 7. O-O Be7 8. Rb1 a5 9. d3 Be6 {A29: English Opening: Four Knights Variation with 4 g3} (9... O-O 10. Be3 Be6 11. Bxb6 cxb6 12. a3 f5 13. e3 Bf6 14. Rc1 Kh8 15. Re1 Bf7 16. Nb5 Bh5 17. Qc2 {0-1 (39) So,W (2812)-Karjakin,S (2781) Paris 2017}) 10. Be3 Nd5 11. Nxd5 Bxd5 12. Qa4 O-O {LiveBook: 16 Games} 13. Rbc1 Bd6 14. a3 Ne7 15. Nd2 $146 ({Predecessor:} 15. Bg5 h6 16. Bd2 Qe8 {½-½ (29) Blumenstiel,H (1778)-Rahn,O (2053) Ludwigshafen 2000}) 15... c6 16. Bxd5 Nxd5 17. Bc5 Re8 18. Qb3 Bxc5 19. Rxc5 Qd7 20. e4 a4 21. Qc2 Nc7 {[%cal Bd5c7,Bc7e6,Be6c5,Bc5e4][%mdl 32]} 22. Nf3 f6 $1 23. Kg2 Red8 24. Rd1 Ne6 25. Rc4 c5 $1 26. h3 b5 27. Rc3 c4 28. Qd2 Qb7 {...Nc5 is the strong threat.} 29. Qe1 Nc5 {[%cal Rd8d3]} 30. dxc4 Nxe4 31. Rxd8+ Rxd8 32. Re3 Nd6 33. cxb5 Qxb5 34. Qd1 Nb7 35. Qe2 Qd5 (35... Rd5 {feels hotter.} 36. Qc2 Rc5 37. Rc3 Rxc3 38. Qxc3 Nc5) 36. Kh2 Nc5 {[#]} (36... h6 $11) 37. Ne1 (37. Nxe5 $1 $16 {[%mdl 512]} Qd2 (37... fxe5 38. Rxe5) 38. Qc4+ Qd5 39. Rc3) 37... h6 38. Qc2 e4 39. f3 (39. Ng2 $11) 39... f5 40. fxe4 fxe4 41. Ng2 Qd4 42. Rc3 Ne6 43. h4 Qe5 44. Re3 Nc5 $36 {[%mdl 2048] Black fights for an advantage.} 45. Rc3 Nd3 46. Qxa4 (46. Rc8 $11 Rxc8 47. Qxc8+ Kh7 48. Qd7) 46... Nf2 ({Black should play} 46... Qf5 $17 {And now ...Ne5 would win.} 47. Ne3 Qf3) 47. Qc4+ Kh7 48. Qe2 Qf5 {Hoping for ...Rd1.} 49. Nf4 {[#]} (49. Kg1 $1 $11 Nd3 50. Ne3) 49... e3 $1 $17 {aiming for ...Rd2.} 50. Kg2 Qe4+ (50... Rd2 $17 51. Qxe3 Ne4+ 52. Kg1 Rd1+ 53. Kg2 Nxc3 54. Qxc3 g5 55. hxg5 hxg5) 51. Qf3 $11 {The position is equal.} Rd2 {( -> ...Ng4+)} 52. Rxe3 Nd1+ 53. Re2 Rxe2+ 54. Nxe2 Ne3+ 55. Kf2 Nd1+ 56. Kg2 $1 {Precision: White = 56%, Black = 65%.} 1/2-1/2

[Event "3rd GRENKE Chess Open 2018"]
[Site "Karlsruhe"]
[Date "2018.03.31"]
[Round "5"]
[White "Lagunow, Raphael"]
[Black "Kasimdzhanov, Rustam"]
[Result "1/2-1/2"]
[WhiteElo "2368"]
[BlackElo "2676"]
[Annotator "TA"]
[PlyCount "117"]
[EventDate "2018.??.??"]
[EventType "swiss"]
[EventCountry "GER"]
[SourceTitle "playchess.com"]
[Source "ChessBase"]
[SourceQuality "1"]

{[%evp 9,117,21,19,15,14,12,12,0,0,0,0,-17,-8,-23,-17,-11,-12,-37,-31,-50,-48,-56,-49,-50,-32,-36,-22,-69,-65,-79,-69,-72,-77,-70,-75,-70,-72,-95,-90,-89,-97,-124,-120,-112,-82,-78,-64,-93,-86,-105,-43,-54,-45,-50,-49,-110,-110,-109,-116,-115,-115,-104,-28,-27,-27,-31,-33,-22,-25,-20,-9,-22,-22,-62,-22,-29,-29,-28,-22,-22,-22,-27,-22,-22,-22,-23,-41,-43,-41,-94,0,0,0,0,0,0,-1,-5522,0,0,0,0,0,-12834,0,-1375,0,0,8,33]} 1. e4 e5 2. Nf3 Nc6 3. Bc4 Bc5 4. c3 Nf6 5. d3 d6 6. a4 {Threatens to win with b4. C54: Giuoco Piano: 4 c3 Nf6, main lines with 5 d4 and 5 d3} (6. O-O O-O 7. Re1 Ne7 8. d4 Bb6 9. a4 c6 10. dxe5 Ng4 11. Rf1 dxe5 12. Qxd8 Bxd8 13. h3 Nf6 14. Nxe5 Nxe4 15. Re1 {½-½ (42) Vachier Lagrave,M (2789)-Carlsen,M (2837) London 2017}) 6... a5 7. O-O h6 8. Na3 O-O 9. Nc2 Ne7 10. d4 exd4 $146 ({Predecessor:} 10... Ba7 11. dxe5 Nxe4 12. Be3 d5 13. Bd3 Ng6 14. Bxa7 Rxa7 {1-0 (67) Savchenko,B (2566)-Cheparinov,I (2710) Riadh 2017}) 11. cxd4 Bb6 12. e5 Nfd5 13. Bb3 Be6 14. Ne3 dxe5 15. Nxd5 Nxd5 {[%cal Be7d5,Bd5b4,Bb4d3][%mdl 32]} 16. dxe5 Nb4 17. Bd2 Nd3 18. Bc3 Nf4 19. Bd2 Bxb3 20. Qxb3 Qd3 21. Qxd3 Nxd3 22. Bc3 Rad8 23. b3 Rd5 24. Ra2 Rfd8 25. Rd2 Kf8 26. g3 Ke7 27. Kg2 Ke6 28. Rb1 g5 29. h3 Kf5 (29... Nb4 $17) 30. Kf1 c6 31. Kg2 h5 {[%cal Bh6h5,Bh5g4][%mdl 32]} 32. Kf1 (32. Re2 $15) 32... g4 $17 33. hxg4+ hxg4 34. Nh4+ Ke6 $1 35. Ng2 Ke7 (35... R5d7 $1 $17 36. Rxd3 Rxd3 37. Nf4+ Kf5 38. Nxd3 Rxd3) 36. Nh4 $11 Nxe5 37. Re2 Ke6 38. Rbe1 {[%cal Re2e5]} Bc7 39. Ng2 Rd1 40. Bxe5 Rxe1+ 41. Rxe1 Bxe5 {[%mdl 4096] Endgame KRB-KRN} 42. Ne3 $1 {[%cal Re3g4]} Bc3 43. Re2 Rd3 {Black wants to play ...Bd4.} 44. Nxg4+ Kd6 45. Re3 Rxe3 46. Nxe3 {KB-KN} Kc5 47. Nc2 $1 b5 48. axb5 $1 cxb5 49. Ke2 {[#]} a4 (49... Bd4 $1 $17 {Strongly threatening ...a4.} 50. f3 a4) 50. bxa4 bxa4 {White must now prevent ...Kc4.} 51. Kd3 Bg7 {And now ...Bb2 would win.} 52. g4 $1 Bb2 {aiming for ...a3.} 53. Ne1 $2 {[%mdl 8192] [#]} (53. f3 $11 a3 54. Nxa3 Bxa3 55. Ke4) 53... Bd4 $2 (53... a3 $1 $19 54. Kc2 Kc4) 54. f4 $1 a3 55. Nc2 Bb2 {...a2 is the strong threat.} 56. g5 $2 {[%mdl 8192]} (56. Nxa3 $11 Bxa3 57. Ke4) 56... Kd6 $2 (56... a2 $19 57. f5 Kb5) 57. f5 $2 {[%mdl 8192]} (57. Nxa3 $11 Bxa3 58. Ke4) 57... Ke7 $2 ({Black should try} 57... a2 $19 58. Kc4 Ke7) 58. g6 f6 {Hoping for ...a2.} 59. Nb4 {Precision: White = 55%, Black = 55%.} 1/2-1/2

[Event "3rd GRENKE Chess Open 2018"]
[Site "Karlsruhe"]
[Date "2018.03.31"]
[Round "5"]
[White "Petkidis, Anthony"]
[Black "Noe, Christopher"]
[Result "1/2-1/2"]
[WhiteElo "2314"]
[BlackElo "2494"]
[Annotator "TA"]
[PlyCount "88"]
[EventDate "2018.??.??"]
[EventType "swiss"]
[EventCountry "GER"]
[SourceTitle "playchess.com"]
[Source "ChessBase"]
[SourceQuality "1"]

{[%evp 24,88,40,39,69,47,72,21,58,60,95,82,87,41,89,65,101,98,99,92,93,103,85,75,96,73,73,72,72,65,78,67,68,61,76,8,8,8,8,8,8,8,8,0,14,8,6,8,7,0,15,7,4,0,8,0,8,0,8,7,8,0,0,0,10,0,122]} 1. e4 e5 2. Nf3 Nc6 3. Bc4 Bc5 4. c3 Nf6 5. d3 a6 6. a4 d6 7. O-O O-O 8. h3 Ba7 9. Re1 Ne7 10. Nbd2 {[%cal Bb1d2,Bd2b3,Bb3c5][%mdl 32]} Ng6 {C54: Giuoco Piano: 4 c3 Nf6, main lines with 5 d4 and 5 d3} (10... c6 11. Bb3 Ng6 12. Bc2 Re8 13. d4 Nh5 14. Nf1 Nhf4 15. Ng3 exd4 16. cxd4 d5 17. e5 c5 18. Bxg6 Nxg6 {1-0 (51) Anand,V (2782)-Leko,P (2691) Riadh 2017}) 11. d4 exd4 12. cxd4 d5 13. exd5 {[#] LiveBook: 3 Games} Ne7 $146 {[%cal Bg6e7,Be7d5,Bd5b6][%mdl 32]} ({Predecessor:} 13... Nxd5 14. Ne4 c6 {0-1 (83) Leon Hoyos,M (2490)-Quesada Perez,Y (2619) Saint Louis 2017}) 14. Nb3 Nexd5 15. Bd2 (15. Nc5 $16) 15... Nb6 16. Bd3 Be6 17. Nc5 Bd5 18. Ne5 Nbd7 19. Bg5 Nxc5 20. dxc5 {Ng4 is the strong threat.} h6 21. Bxf6 Qxf6 {[#]} 22. Bh7+ $1 {[%mdl 512]} Kxh7 23. Qxd5 {aiming for Nd7.} Qf5 24. Qd7 Qxd7 25. Nxd7 Rfe8 26. b4 Rad8 {[#] Strongly threatening ...Rxe1+.} 27. Rxe8 Rxe8 $16 {[%mdl 4096] Endgame KRB-KRN} 28. b5 Kg6 29. bxa6 (29. Kf1 $16) 29... bxa6 $11 {The position is equal.} 30. Rb1 {And now Rb7 would win.} Re7 31. Rb7 Rxd7 32. Rxa7 {KR-KR} Kf5 33. Rxa6 Ke5 34. Kf1 Kd5 35. c6 Re7 36. f3 Re3 37. Kf2 Rc3 38. g4 Rc2+ 39. Kg3 g5 40. h4 Rxc6 41. Ra5+ Rc5 42. Ra6 Rc6 43. Ra5+ Rc5 44. Ra6 Ke5 {Precision: White = 50%, Black = 36%.} (44... gxh4+ $11 {keeps the balance.} 45. Kxh4 Rc1) 1/2-1/2

[Event "3rd GRENKE Chess Open 2018"]
[Site "Karlsruhe"]
[Date "2018.03.31"]
[Round "5"]
[White "Pajeken, Jakob Leon"]
[Black "Bellahcene, Bilel"]
[Result "0-1"]
[WhiteElo "2162"]
[BlackElo "2488"]
[Annotator "TA"]
[PlyCount "46"]
[EventDate "2018.??.??"]
[EventType "swiss"]
[EventCountry "GER"]
[SourceTitle "playchess.com"]
[Source "ChessBase"]
[SourceQuality "1"]

{[%evp 25,46,187,191,185,183,185,185,173,209,198,196,0,0,-7,-14,-150,-123,-1145,-1200,-1005,-921,-29998,-29999]} 1. e4 c5 2. Nf3 Nc6 3. d4 cxd4 4. Nxd4 Nf6 5. Nc3 e5 6. Ndb5 {[%cal Bd4b5,Bb5a3,Ba3c4][%mdl 32]} d6 7. Bg5 a6 8. Na3 Be6 9. Nc4 Rc8 10. Ne3 Qb6 11. Bxf6 {B33: Sicilian: Pelikan and Sveshnikov Variations} (11. Rb1 Nxe4 12. Nxe4 h6 13. Bc4 Bxc4 14. Nxc4 Qb4+ 15. Ncd2 hxg5 16. c3 Qb5 17. Qg4 Rd8 18. c4 Qb6 19. Qxg5 {½-½ (51) Erenburg,S (2568)-Ginsburg,M (2365) New York 2008}) 11... Qxb2 12. Ncd5 Bxd5 13. Nxd5 Nb4 {LiveBook: 3 Games} 14. Rb1 Nxc2+ {[#]} 15. Kd2 $1 ({And not} 15. Ke2 Qxa2 16. Rxb7 Nb4+ 17. Qd2 Rc2 $11) 15... Qxa2 ({Much worse is} 15... Qd4+ 16. Bd3 $16) 16. Nc3 Rxc3 17. Kxc3 Nd4 {And now ...Qa5+ would win.} 18. Rxb7 $146 (18. Ra1 $18 Qe6 19. Bg5) ({Predecessor:} 18. Ra1 Qxf2 19. Rxa6 gxf6 {0-1 (27) Sanchez,L (1590)-Rouzaud,P (2205) France 2003}) 18... Qa3+ $11 19. Kd2 {[#] Strongly threatening Rb8+.} gxf6 {[%cal Bg7f6,Bf6f5][%mdl 32]} 20. Qh5 (20. Ke1 $11) 20... Qa5+ 21. Ke3 $2 {[%mdl 8192]} (21. Kd1 $17 Qa1+ 22. Kd2 Qa2+ 23. Ke1) 21... Bh6+ $19 22. Qxh6 f5 23. Qh5 Qc3+ {Precision: White = 14%, Black = 97%.} 0-1

[Event "3rd GRENKE Chess Open 2018"]
[Site "Karlsruhe"]
[Date "2018.03.31"]
[Round "5"]
[White "Vinke, Andreas"]
[Black "Pavlovic, Milos"]
[Result "1/2-1/2"]
[WhiteElo "2162"]
[BlackElo "2466"]
[Annotator "TA"]
[PlyCount "39"]
[EventDate "2018.??.??"]
[EventType "swiss"]
[EventCountry "GER"]
[SourceTitle "playchess.com"]
[Source "ChessBase"]
[SourceQuality "1"]

{[%evp 19,20,26,35]} 1. c4 e6 2. g3 d5 3. Nf3 Nf6 4. d4 Be7 5. Bg2 O-O 6. O-O b6 7. cxd5 exd5 8. Nc3 Bb7 9. Bf4 Na6 10. Rc1 c5 {LiveBook: 55 Games} {Predecessor:} 11. Be5 $146 Nc7 12. Nh4 Ng4 13. Nf5 Nxe5 14. dxe5 Qd7 15. Bh3 Kh8 16. e3 d4 17. exd4 g6 18. Nd6 Qxh3 19. Nxb7 cxd4 20. Qxd4 {1-0 (48) Sjugirov,S (2660)-Pershin,D (2345) St Petersburg 2016} 1/2-1/2

[Event "3rd GRENKE Chess Open 2018"]
[Site "Karlsruhe"]
[Date "2018.04.01"]
[Round "6"]
[White "Bacrot, Etienne"]
[Black "Wild, Achim"]
[Result "1-0"]
[WhiteElo "2718"]
[BlackElo "2244"]
[Annotator "TA"]
[PlyCount "59"]
[EventDate "2018.??.??"]
[EventType "swiss"]
[EventCountry "GER"]
[SourceTitle "playchess.com"]
[Source "ChessBase"]
[SourceQuality "1"]

{[%evp 16,59,26,21,24,17,17,18,25,24,33,34,33,34,35,35,41,40,49,47,50,42,53,39,43,41,41,33,62,46,59,35,37,39,54,42,39,39,95,78,322,347,400,382,506,497]} 1. e4 d6 2. Nc3 e5 3. Nf3 Nf6 4. Bc4 Be7 5. O-O O-O 6. d3 Nc6 7. a3 Bg4 8. h3 Bh5 9. Be3 Nd4 {C55: Two Knights: 4 d3, 4 d4 exd4 5 e5 and Max Lange Attack} (9... Qd7 10. Nd5 Nxd5 11. Bxd5 Bg6 12. c3 Nd8 13. Nd2 c6 14. Ba2 Ne6 15. d4 Rfd8 16. Qg4 exd4 17. cxd4 {0-1 (47) Hovhannisyan,R (2631)-Harutyunian,T (2511) Yerevan 2017}) 10. Bxd4 exd4 11. Nd5 Nxd5 {The position is equal.} 12. Bxd5 Bxf3 $146 ({Predecessor:} 12... c6 13. Bb3 Bf6 14. g4 Bg6 15. Qd2 h6 16. Qb4 b6 17. Qd2 {0-1 (63) Makaj,N (1956)-Novak,I (2128) Podturen 2013}) 13. Qxf3 c6 14. Bb3 Rc8 {[%cal Ba8c8,Bc8c7,Bc7e7,Be7e8][%mdl 32]} 15. Qg4 Bf6 16. Rae1 Rc7 17. f4 Re7 18. Kh2 Qc7 19. g3 Kh8 20. h4 Ree8 21. Qf3 b5 22. Re2 d5 23. Rfe1 dxe4 24. dxe4 {[%cal Bd3e4,Be4e5][%mdl 32]} c5 25. e5 Be7 26. Bd5 $36 {[%mdl 2048] White is pushing.} c4 (26... Rd8 $14) 27. f5 {[%cal Bf4f5,Bf5f6][%mdl 32]} Bc5 $2 (27... Bd8 $16 {was called for.}) 28. f6 $18 {[#] fxg7+ is the strong threat.} g6 29. h5 d3 30. cxd3 {Precision: White = 73%, Black = 35%.} 1-0

[Event "3rd GRENKE Chess Open 2018"]
[Site "Karlsruhe"]
[Date "2018.04.01"]
[Round "6"]
[White "Wang, Hao"]
[Black "Nasuta, Grzegorz"]
[Result "1-0"]
[WhiteElo "2713"]
[BlackElo "2465"]
[Annotator "TA"]
[PlyCount "85"]
[EventDate "2018.??.??"]
[EventType "swiss"]
[EventCountry "GER"]
[SourceTitle "playchess.com"]
[Source "ChessBase"]
[SourceQuality "1"]

{[%evp 14,85,10,11,45,53,48,43,35,52,48,54,44,57,75,89,122,100,105,131,109,111,121,120,130,132,116,130,106,128,102,105,127,114,239,235,265,248,333,328,326,300,341,288,284,272,260,281,278,278,281,270,317,292,312,295,370,360,369,387,350,338,827,800,29975,29976,29980,29981,29982,29983,29982,29983,29995,29996]} 1. e4 c5 2. Nf3 d6 3. d4 cxd4 4. Nxd4 Nf6 5. Nc3 a6 6. h4 {B90: Sicilian Najdorf: Unusual White 6th moves, 6 Be3 Ng4 and 6 Be3 e5} (6. f3 e5 7. Nb3 Be6 8. Be3 Be7 9. Qd2 Nbd7 10. g4 O-O 11. g5 Nh5 12. O-O-O b5 13. Nd5 Bxd5 14. exd5 f6 15. gxf6 Bxf6 16. Kb1 Nf4 17. Rg1 Kh8 18. Bd3 Bg5 19. Na5 Bh6 20. Nc6 Qh4 21. Qb4 {½-½ (49) Caruana,F (2784)-Mamedyarov,S (2809) Berlin 2018}) 6... e5 7. Nb3 Be6 8. f4 {LiveBook: 22 Games. The position is equal.} Qc7 9. f5 Bc4 10. Bg5 $146 ({Predecessor:} 10. Nd2 Bxf1 11. Nxf1 Qc6 12. Qf3 b5 13. Ne3 Nbd7 {1-0 (42) Dastan,B (2529)-Garanin,A (2192) Riga 2017}) 10... Nbd7 11. Qf3 b5 12. a3 Rc8 13. Bxc4 bxc4 14. Nd2 Qa5 15. Bxf6 Nxf6 16. Qe2 d5 17. exd5 Bb4 {[#]} 18. Rh3 $1 O-O {With the idea ...Bxc3.} 19. Nxc4 Qxd5 {Hoping for ...Bxc3+.} 20. Nb6 ({Of course not} 20. axb4 $6 Qxc4 21. Qxc4 Rxc4 $11) 20... Qb7 21. Nxc8 Bxc3+ 22. bxc3 {[#] aiming for Nd6.} Qxc8 23. O-O-O Qxf5 (23... e4 $16) 24. Rhd3 $18 ({Much less strong is} 24. Qxa6 $6 h6) 24... Qf4+ 25. Qe3 Qa4 26. c4 ({Weaker is} 26. Qxe5 Qxa3+ 27. Kb1 Ng4 $18) 26... Qxc4 27. Qxe5 Ng4 28. Qd4 Qe6 29. Qf4 Qc8 30. g3 h6 31. Kb2 h5 32. Rc3 Qe6 33. Rd6 Qe2 34. Rd5 g6 35. Qd4 Kh7 36. Rd8 Rxd8 37. Qxd8 {[%mdl 4096] Endgame KQR-KQN} Ne3 $2 (37... Qe5 38. Qc7 Qf6) 38. Rc8 {[%csl Gc8][%cal Rd8h8]} Nc4+ 39. Kc3 {[%csl Gc8][%cal Rd8h8] White mates.} Qe5+ 40. Kxc4 Qb5+ 41. Kc3 {[%csl Gc8][%cal Rd8h8]} Qe5+ 42. Qd4 Qxg3+ 43. Kb2 {Precision: White = 99%, Black = 48%.} 1-0

[Event "3rd GRENKE Chess Open 2018"]
[Site "Karlsruhe"]
[Date "2018.04.01"]
[Round "6"]
[White "Kasimdzhanov, Rustam"]
[Black "Obolentseva, Alexandra"]
[Result "1-0"]
[WhiteElo "2676"]
[BlackElo "2356"]
[Annotator "TA"]
[PlyCount "49"]
[EventDate "2018.??.??"]
[EventType "swiss"]
[EventCountry "GER"]
[SourceTitle "playchess.com"]
[Source "ChessBase"]
[SourceQuality "1"]

{[%evp 17,49,47,44,21,63,60,68,67,76,60,79,68,77,59,99,106,103,100,114,119,126,108,415,373,431,391,481,462,994,1045,1033,1033,1029,1009]} 1. e4 c5 2. Nf3 d6 3. d4 cxd4 4. Nxd4 Nf6 5. Nc3 a6 6. Bg5 Nbd7 7. Qe2 {B94: Sicilian Najdorf: 6 Bg5 Nbd7} (7. Bc4 h6 8. Bh4 g6 9. Qe2 e5 10. Nb3 Be7 11. a4 Nb6 12. Bd3 Be6 13. a5 Nbd7 14. Bc4 Rc8 15. Bxe6 fxe6 16. O-O {1-0 (79) Nepomniachtchi,I (2751)-Fedoseev,V (2724) Moscow 2018}) 7... g6 8. O-O-O Bg7 9. f4 {[%cal Bf2f4,Bf4f5][%mdl 32]} O-O {LiveBook: 13 Games} 10. g4 h6 11. Bxf6 $146 ({Predecessor:} 11. Bh4 e5 12. fxe5 Nxe5 13. h3 Bd7 14. Nf3 Qa5 15. Rxd6 {½-½ (77) Kosintseva,T (2517)-Ushenina,A (2477) Huashan City 2013}) 11... Nxf6 12. f5 $1 Nd7 13. Qe3 Ne5 14. Be2 Bd7 15. h4 Rc8 16. g5 {[%cal Bg4g5,Bg5f6][%mdl 32]} h5 17. Rhf1 Nc4 {[#]} 18. Bxc4 $1 Rxc4 19. Nd5 {Threatens to win with f6.} e6 $2 {[%mdl 8192] [#]} (19... Bxd4 $16 {is a better chance.} 20. Rxd4 Bb5) 20. Nf6+ $1 $18 {[%mdl 512]} Bxf6 21. gxf6 {Hoping for Qh6.} exf5 {[#]} 22. Nxf5 $1 {[%mdl 512] White is clearly winning.} Bxf5 (22... Rc6 $142 23. Ne7+ (23. Nxd6 Kh7 $18) (23. Rxd6 Rxd6 24. Nxd6 Kh7 $18) 23... Kh7 24. Nxc6 Bxc6) (22... gxf5 23. Qg5+) 23. Rxf5 {White wants to mate with Qh6!} Kh7 {[#]} 24. Rdd5 $3 {[%mdl 512] White threatens Rxh5+! and mate.} Rc5 25. Rxc5 {Precision: White = 100%, Black = 39%.} 1-0

[Event "3rd GRENKE Chess Open 2018"]
[Site "Karlsruhe"]
[Date "2018.04.01"]
[Round "6"]
[White "Korobov, Anton"]
[Black "Antal, Gergely"]
[Result "1-0"]
[WhiteElo "2664"]
[BlackElo "2540"]
[Annotator "TA"]
[PlyCount "111"]
[EventDate "2018.??.??"]
[EventType "swiss"]
[EventCountry "GER"]
[SourceTitle "playchess.com"]
[Source "ChessBase"]
[SourceQuality "1"]

{[%evp 17,111,15,16,11,46,31,39,44,43,46,45,52,62,70,80,37,89,90,110,99,106,105,110,99,115,115,108,113,102,110,129,100,97,98,110,112,122,111,94,39,33,33,36,28,23,30,45,45,45,44,49,21,49,49,58,50,70,24,19,0,10,0,0,0,14,19,20,12,22,0,7,0,8,8,100,108,114,107,110,115,614,612,556,158,11808,9257,8309,6579,5431,4374,29979,29977,29984,29985,29985,29984]} 1. d4 f5 2. g3 Nf6 3. Bg2 e6 4. c4 d5 5. Nf3 Bd6 6. O-O O-O 7. b3 b6 8. Ba3 {A90: Dutch Defence: Miscellaneous and Modern Stonewall (with ...Bd6)} Bxa3 9. Nxa3 Bb7 {LiveBook: 3 Games} 10. cxd5 $146 {The position is equal.} ({Predecessor:} 10. Nc2 dxc4 11. bxc4 Qe7 12. e3 Nbd7 13. Qe2 c5 14. a4 e5 15. dxc5 Nxc5 {0-1 (40) Pantzar,M (2257)-Carlsen,M (2838) chess.com INT 2017}) 10... Bxd5 11. Nc4 Nbd7 12. Rc1 Rc8 13. Ne3 Qe7 14. Nxd5 Nxd5 15. e3 c5 16. Qe2 Rc7 (16... N7f6 $14) 17. e4 fxe4 18. Qxe4 Rfc8 19. Rfe1 Nf8 20. h4 Qd6 21. dxc5 Rxc5 22. Rxc5 Rxc5 23. Ng5 Nc7 {[%cal Bd5c7,Bc7b5,Bb5c3][%mdl 32]} 24. Qf3 Rf5 25. Qb7 h6 26. Ne4 Qb4 27. Rd1 Nb5 28. Kh2 (28. Rd8 $16) 28... Nc3 $14 29. a3 Qa5 30. b4 Qe5 31. Rd2 Nxe4 32. Qxe4 Qxe4 33. Bxe4 $11 {[%mdl 4096] Endgame KRB-KRN} Rf7 34. Kg2 Rd7 35. Rc2 Kf7 36. Rc8 Ke7 37. Ra8 Rc7 38. f4 Nd7 39. b5 Nc5 40. Bg6 Nb3 41. g4 {[%cal Bg3g4,Bg4g5][%mdl 32]} Kd6 42. g5 Nd4 43. Bd3 Kc5 44. h5 Nxb5 45. Rh8 Nxa3 (45... Nc3 $1 $11 {keeps the balance.}) 46. gxh6 $16 gxh6 47. Rxh6 Kd4 {[#]} 48. Rh7 $1 {[%cal Rh7c7]} Rxh7 $4 {[%mdl 8192]} (48... Rc8 $16 49. Ba6 Rf8) 49. Bxh7 {KB-KN} Nc4 {intending ...Ne3+.} 50. h6 Ne3+ $2 (50... Ne5 $16) 51. Kg3 $18 Nd5 52. Bc2 Nf6 53. Kh4 e5 54. Kg5 {White mates.} exf4 55. Kxf6 f3 56. Bd1 {Precision: White = 70%, Black = 37%.} 1-0

[Event "3rd GRENKE Chess Open 2018"]
[Site "Karlsruhe"]
[Date "2018.04.01"]
[Round "6"]
[White "Shirov, Alexei"]
[Black "Xu, Xianliang"]
[Result "1-0"]
[WhiteElo "2651"]
[BlackElo "2420"]
[Annotator "TA"]
[PlyCount "79"]
[EventDate "2018.??.??"]
[EventType "swiss"]
[EventCountry "GER"]
[SourceTitle "playchess.com"]
[Source "ChessBase"]
[SourceQuality "1"]

{[%evp 21,79,46,51,44,45,58,74,67,70,78,71,38,52,70,94,58,104,78,164,147,131,90,266,254,177,55,42,46,63,84,420,222,531,0,0,0,0,0,646,647,643,640,639,638,618,607,593,581,2167,1158,970,949,29984,29985,29985,29986,29986,29987,29987,12841]} 1. e4 c5 2. Nf3 d6 3. d4 cxd4 4. Nxd4 Nf6 5. Nc3 g6 6. Be3 Bg7 7. f3 O-O 8. Qd2 Nc6 9. Bc4 Bd7 10. O-O-O {[%cal Be1c1,Bc1b1,Bb1a1][%mdl 32]} Rb8 11. Bb3 Na5 12. g4 {B77: Sicilian Dragon: Yugoslav Attack, 9 Bc4 sidelines} (12. h4 b5 13. h5 Nc4 14. Bxc4 bxc4 15. hxg6 fxg6 16. Bh6 Qb6 17. b3 Bxh6 18. Qxh6 Qa5 19. Kb2 Rfc8 20. Nd5 cxb3 21. axb3 Kf7 22. Qd2 Qxd2 23. Rxd2 {½-½ (46) Fedoseev,V (2724)-Nakamura,H (2787) Moscow 2018}) 12... b5 13. Kb1 Nc4 14. Bxc4 $1 {White is better.} bxc4 15. Ka1 Qa5 (15... Qb6 $6 16. Rb1 $11) 16. h4 (16. Nd5 $6 Qd8 $15) 16... h5 $1 17. gxh5 Nxh5 $146 ({Predecessor:} 17... Qxh5 18. Rhg1 Qa5 19. Rg5 d5 {1-0 (50) Hengl,C (2390)-Celestini,M (2235) ICCF email 2017}) 18. Rhg1 Rfe8 19. Nde2 Rb6 (19... Nf6 $16 {is a better defense.}) 20. Rg5 Qb4 {[%csl Gb6][%cal Rb4b2]} 21. Qc1 {Rxh5 is the strong threat.} Ra6 $2 (21... Reb8 $16) 22. Rdg1 Ra5 23. Bd4 ({White should try} 23. Nd5 $18 Qa3 24. Nec3 Bxc3 25. Nxc3) 23... Rxg5 $14 24. Rxg5 Bxd4 25. Nxd4 Nf4 $2 {[%mdl 8192]} (25... Qb6 $16 26. Nf5 Qf2) 26. h5 (26. Qxf4 $142 e5 27. Qc1 exd4 28. Nd5) 26... f6 $2 (26... Nxh5 $6 27. Nd5) (26... Rb8 {is a better chance.} 27. hxg6 fxg6) 27. Rxg6+ $2 (27. Qxf4 fxg5 28. Qxg5 Rb8 $11) (27. Nd5 $18) 27... Nxg6 $11 28. Nd5 Qc5 29. Qg1 $36 {[%mdl 2048] White is more active.} Kf8 $2 {[%mdl 8192] [#]} (29... Kh8 $11 30. Qxg6 (30. hxg6 Kg7 $15) 30... Qxd4 31. Qh6+ Kg8 32. Qg6+ Kh8 33. Qh6+ Kg8 34. Qg6+ Kh8) 30. c3 $1 $18 ({Stronger than} 30. Qxg6 Qxd4 31. Qh6+ Kg8 $11) ({Weaker is} 30. hxg6 Kg7 $15) 30... Ne5 {Hoping for ...Kf7.} 31. h6 {[%csl Gh6][%cal Rg1g7,Bh5h6,Bh6h7][%mdl 32]} Ng4 32. fxg4 Kf7 33. g5 Rg8 34. h7 Rh8 35. g6+ Kg7 36. Nf4 Qe5 {[#]} 37. Nf5+ $1 {[%mdl 512] White mates.} Bxf5 38. Nh5+ Kh6 39. g7 Rxh7 40. g8=Q {Precision: White = 63%, Black = 33%.} (40. Qc1+ $142 Kxh5 41. Qh1+ Kg4 42. g8=Q+ Rg7 43. Qxg7+ Bg6 44. Qg2+ Kh4 45. Q7xg6 Qg5 46. Qh7+ Qh5 47. Qh2+ Kg5 48. Q7xh5#) 1-0